OF MOUNTAINS AND MOTORS / (Record no. 190305)

MARC details
000 -LEADER
fixed length control field 01317nam a2200301 i 4500
005 - DATE AND TIME OF LATEST TRANSACTION
control field 20221208092119.0
008 - FIXED-LENGTH DATA ELEMENTS--GENERAL INFORMATION
fixed length control field 221130s2022 -uka j 000 1 eng d
020 ## - INTERNATIONAL STANDARD BOOK NUMBER
International Standard Book Number 9781782268154
Terms of availability RM 46.50
Qualifying information paperback
040 ## - CATALOGING SOURCE
Original cataloging agency PPAK
Language of cataloging eng
Transcribing agency PPAK
Description conventions rda
082 04 - DEWEY DECIMAL CLASSIFICATION NUMBER
Classification number 823.92
Edition number 23
090 00 - LOCALLY ASSIGNED LC-TYPE CALL NUMBER (OCLC); LOCAL CALL NUMBER (RLIN)
Classification number (OCLC) (R) ; Classification number, CALL (RLIN) (NR) 823.92
Feature heading MUR
Feature heading K
100 1# - MAIN ENTRY--PERSONAL NAME
Personal name Murphy, Pip,
Relator term author.
245 10 - TITLE STATEMENT
Title OF MOUNTAINS AND MOTORS /
Statement of responsibility, etc. PIP MURPHY ; Illustrated by ROBERTA TEDESCHI
250 ## - EDITION STATEMENT
Edition statement 2022 Edition
264 #1 - PRODUCTION, PUBLICATION, DISTRIBUTION, MANUFACTURE, AND COPYRIGHT NOTICE
Place of production, publication, distribution, manufacture Leicester :
Name of producer, publisher, distributor, manufacturer Sweet Cherry Publishing ,
Date of production, publication, distribution, manufacture, or copyright notice 2022
300 ## - PHYSICAL DESCRIPTION
Extent 125 pages :
Other physical details illustrations ;
Dimensions 20 cm.
336 ## - CONTENT TYPE
Content type term text
Source rdacontent
337 ## - MEDIA TYPE
Media type term unmediated
Source rdamedia
338 ## - CARRIER TYPE
Carrier type term volume
Source rdacarrier
490 1# - SERIES STATEMENT
Series statement Christie and Agatha's DETECTIVE AGENCY :
Volume/sequential designation 2
500 ## - GENERAL NOTE
General note Includes a FREE AUDIOBOOK! QR code inside.
520 ## - SUMMARY, ETC.
Summary, etc. Many people are unhappy about Mr Alexander Jr's daring drive to the summit of Ben Nevis, but who is trying to sabotage the record-setting expedition? Willing passengers Christie and Agatha are keen to embark on a rip-roaring adventure. But soon they're involved in a thicker plot than they bargained for
650 10 - SUBJECT ADDED ENTRY--TOPICAL TERM
Topical term or geographic name entry element Children's stories.
Topical term or geographic name entry element Detective and mystery fiction.
700 1# - ADDED ENTRY--PERSONAL NAME
Personal name Tedeschi, Roberta,
Relator term illustrator.
830 #0 - SERIES ADDED ENTRY--UNIFORM TITLE
Uniform title Christie and Agatha's detective agency :
Number of part/section of a work 2
942 ## - ADDED ENTRY ELEMENTS (KOHA)
Source of classification or shelving scheme Dewey Decimal Classification
Koha item type Book
Holdings
Withdrawn Not for loan Current library Shelving location Date acquired Total Checkouts Full call number Barcode Date last seen Date last checked out Koha item type Total Renewals
    Perpustakaan Alor Setar Pinjaman Kanak-kanak 19/01/2023 7 K 823.92 MUR A01766168 18/12/2025 06/12/2025 Book  
    Perpustakaan Awam Sungai Petani Pinjaman Kanak-kanak 19/01/2023 4 K 823.92 MUR A01766169 30/08/2023 02/08/2023 Book 1